A táplálékkiegészítők fogyasztási szokásainak és sportmárkák által alkalmazott közösségi média marketingstratégiáinak vizsgálata

Bibliográfiai részletek
Szerző: Jankó Zsombor
További közreműködők: Hollósi Andor
Szabó Edit
Dokumentumtípus: Diplomadolgozat
Kulcsszavak:fogyasztói magatartás
közösségi média
marketingstratégiák
márka
online marketing
táplálékkiegészítők
táplálkozás
vállalkozás marketingstratégiája
Online Access:http://dolgozattar.uni-bge.hu/58606

MARC

LEADER 00000nta a2200000 i 4500
001 dolg58606
005 20251027142108.0
008 251027suuuu hu om 000 hun d
040 |a BGE Dolgozattár Repozitórium  |b hun 
041 |a hu 
100 1 |a Jankó Zsombor 
245 1 2 |a A táplálékkiegészítők fogyasztási szokásainak és sportmárkák által alkalmazott közösségi média marketingstratégiáinak vizsgálata  |c Jankó Zsombor  |h [elektronikus dokumentum] 
520 3 |a Az elmúlt évtizedekben a táplálékkiegészítők piaca robbanásszerű növekedésen ment keresztül, aminek hatására a marketingkommunikáció szerepe egyre fontosabbá vált ezen az iparágon belül is. Az egészséges életmódra való törekvés, a fitnesz trendek térhódítása és az élelmiszeripari innovációk együttese hozzájárult a táplálékkiegészítők iránti kereslet fokozódásához. Az ágazatban működő márkák számára a fogyasztók figyelme, bizalma és hűsége kulcsfontosságú, amit hatékony marketingkommunikációs stratégiákkal igyekeznek elérni és megtartani. A dolgozatomban azt a kérdést fogom körbejárni, hogy a táplálékkiegészítő márkák marketingkommunikációja milyen módon befolyásolja a fogyasztói magatartást, különösen a bizalom kiépítésében, a vásárlási döntések meghozatalában és a márkahűség kialakításában. A témaválasztásom hátterében az áll, hogy a táplálékkiegészítők fogyasztása napjainkban nemcsak az élsportolók vagy fitneszrajongók körében elterjedt, hanem egyre inkább a mindennapi ember szokásainak részévé is vált. 
695 |a fogyasztói magatartás 
695 |a közösségi média 
695 |a marketingstratégiák 
695 |a márka 
695 |a online marketing 
695 |a táplálékkiegészítők 
695 |a táplálkozás 
695 |a vállalkozás marketingstratégiája 
700 1 |a Hollósi Andor  |e ths 
700 1 |a Szabó Edit  |e ths 
856 4 0 |u http://dolgozattar.uni-bge.hu/58606/1/Jank%C3%B3%20Zsombor%20-Szakdolgozat.pdf  |z Dokumentum-elérés 
856 4 0 |u http://dolgozattar.uni-bge.hu/58606/2/Jank%C3%B3%20Zsombor%20-%20k%C3%BCls%C5%91%20konzulens%20b%C3%ADr%C3%A1lat.pdf  |z Dokumentum-elérés 
856 4 0 |u http://dolgozattar.uni-bge.hu/58606/3/B%C3%ADr%C3%A1lat%20Jank%C3%B3%20Zsombor.pdf  |z Dokumentum-elérés